Walter Gropius: work and teamwork
Guardat en:
| Autor principal: | |
|---|---|
| Format: | Llibre |
| Idioma: | anglès |
| Publicat: |
Nueva York
Reinhold
1954
|
| Matèries: | |
| Etiquetes: |
Afegir etiqueta
Sense etiquetes, Sigues el primer a etiquetar aquest registre!
|
MARC
| LEADER | 00000nam a2200000 a 4500 | ||
|---|---|---|---|
| 001 | UCT3882 | ||
| 003 | CL-VaPUC | ||
| 008 | 961031e19540000US |||||||||||||||||eng|d | ||
| 082 | 0 | 4 | |a 724.6 |b GIE |2 21 |
| 100 | |a Giedion, Sigfried |e author |9 547929 | ||
| 245 | 1 | 0 | |a Walter Gropius: work and teamwork |
| 300 | |a 249 p | ||
| 942 | |c BK | ||
| 945 | |d 19961031 00:00:00 |a nastorga | ||
| 260 | |a Nueva York |b Reinhold |c 1954 | ||
| 600 | 0 | 7 | |a GROPIUS, WALTER |2 CL-VaPUC |9 265431 |
| 650 | 0 | |a Arquitectura moderna |9 265021 | |
| 650 | 0 | |a Diseño industrial |9 262726 | |
| 650 | 7 | |a PREFABRICACION |2 CL-VaPUC |9 372936 | |
| 650 | 0 | |a Edificios |9 260501 | |
| 650 | 0 | |a Vivienda |9 258662 | |
| 650 | 0 | |a Espacio |9 336785 | |
| 583 | |a last modification |c 19961031 00:00:00 |k Rodrigo Vera | ||
| 999 | |c 253386 |d 253384 | ||
| 952 | |0 0 |1 0 |4 0 |6 724_600000000000000_GIE_1954 |7 0 |8 A |9 274209 |a BIBARQ |b BIBARQ |d 2019-11-19 |i 324458K |l 1 |o 724.6 GIE 1954 |p 324458K |r 2025-01-20 |s 2023-05-15 |w 2019-11-19 |y BK |k ARQ | ||